[Event "Bialystok Spring qual"]
[Site "Bialystok"]
[Date "2014.??.??"]
[Round "7"]
[White "Bartoszewicz, Marcin"]
[Black "Pytel, Maciej"]
[Result "1/2-1/2"]
[WhiteElo "1888"]
[BlackElo "1652"]
[PlyCount "140"]
[EventDate "2014.04.??"]
[EventType "swiss"]
[EventRounds "9"]
[EventCountry "POL"]
[SourceTitle "EXT 2016"]
[Source "ChessBase"]
[SourceDate "2015.10.08"]
[SourceVersion "1"]
[SourceVersionDate "2015.10.08"]
[SourceQuality "1"]

1. e4 c5 2. Nf3 e6 3. d4 cxd4 4. Nxd4 Nc6 5. Be2 a6 6. Be3 Qc7 7. 0-0 Nf6 8. Nc3 Bb4 9. Nxc6 Qxc6 10. e5 Bxc3 11. bxc3 Nd5 12. c4 Nc3 13. Qd3 Nxe2+ 14. Qxe2 b5 15. Qg4 Bb7 16. cxb5 axb5 17. f3 g6 18. Qh4 h6 19. Qf6 Rh7 20. Bd2 Qc4 21. Kh1 Bd5 22. Rab1 Ra4 23. a3 g5 24. h3 Qe2 25. Bb4 Rxb4 26. axb4 Bc6 27. Rfe1 Qf2 28. Rg1 Qg3 29. Rb3 Qf2 30. Rc3 Qd2 31. Rxc6 dxc6 32. Ra1 Qd8 33. Qxd8+ Kxd8 34. Ra7 h5 35. Kg1 g4 36. f4 gxh3 37. gxh3 Rg7+ 38. Kf2 h4 39. Ke3 Rg3+ 40. Kd4 Ke8 41. Rc7 Rxh3 42. Rxc6 Kd7 43. Rb6 Rh1 44. Rb7+ Kc6 45. Rxf7 h3 46. Rh7 h2 47. Kc3 Kd5 48. Rh5 Rf1 49. Rxh2 Rf3+ 50. Kb2 Rxf4 51. Kb3 Kxe5 52. Rh8 Ke4 53. Rh6 Kd5 54. Rh8 Rf5 55. Rd8+ Ke4 56. Rd6 Ke5 57. Rb6 Kf6 58. Kc3 Rd5 59. Kb3 Kf5 60. Rc6 e5 61. c4 Rd3+ 62. Kc2 bxc4 63. Rxc4 Rd6 64. Kc3 e4 65. Rc8 Kf4 66. b5 Ke3 67. Kc4 Rd1 68. Re8 Rc1+ 69. Kd5 Rd1+ 70. Kc6 Rc1+ 1/2-1/2